000 00555nam a2200181 a 4500
001 1251
005 20140414131921.0
008 041122s19uu xx 00 eng d
020 _a0-307-13326-5
050 _aER
_bT55 1999
100 _aMuldrow, Diane
245 _aToy story 2:
_cadapted by Diane Muldrow ; illustrated by Disney Creative Development Storybook Art Staff.
_bWoddy's roundup /
260 _aNew York:
_bA Golden Book,
_c1999.
300 _a23 p. : ill. ; cm.
440 _aDisney-Pixar
650 _aChildren stories.
999 _c111754
_d111754